| 000 | 01062nam a2200217Ia 4500 | ||
|---|---|---|---|
| 003 | Ost | ||
| 005 | 20260507075051.0 | ||
| 008 | 260507s9999||||xx |||||||||||||| ||und|| | ||
| 020 | _a9957402566 | ||
| 040 | _cfsecg | ||
| 041 | _aara | ||
| 082 | _a388.4 | ||
| 100 |
_aعفي، زين العابدين _eمؤلف |
||
| 245 | 0 |
_aمبادئ تخطيط النقل الحضري / _c زين العابدين عفي |
|
| 260 |
_aعمان: _bدار صفاء للنشر والتوزيع, _c2000 |
||
| 300 |
_a127 صفحة؛ _bإيضاحات ؛ _c24 سم |
||
| 504 | _aالمراجع ص.109 | ||
| 520 | _aالدراسات الخاصة بالنقل الحضري، خصائص طرق النقل ومرافقها الخدمية، أنماط شبكة الشوارع وتصنيفها في المدن، التحليل المكاني لحركة النقل والمرور في المدينة، التحليل الكمي للرحلات اليومية في المدن، الطلب المستقبلي على النقل | ||
| 653 | _aالنقل الحضري | ||
| 942 | _cكتاب | ||
| 999 |
_c42658 _d42658 |
||